<?xml version="1.0" encoding="UTF-8"?>
<record
    xmlns:xsi="http://www.w3.org/2001/XMLSchema-instance"
    xsi:schemaLocation="http://www.loc.gov/MARC21/slim http://www.loc.gov/standards/marcxml/schema/MARC21slim.xsd"
    xmlns="http://www.loc.gov/MARC21/slim">

  <leader>00761nam a22001937a 4500</leader>
  <controlfield tag="003">ARBer- Unq</controlfield>
  <controlfield tag="005">20241206181137.0</controlfield>
  <datafield tag="020" ind1=" " ind2=" ">
    <subfield code="a">25250957</subfield>
  </datafield>
  <datafield tag="100" ind1=" " ind2=" ">
    <subfield code="a">Biblioteca Nacional</subfield>
  </datafield>
  <datafield tag="245" ind1=" " ind2=" ">
    <subfield code="a">Cuadernos de la BN</subfield>
    <subfield code="c">Biblioteca Nacional</subfield>
    <subfield code="h">revista</subfield>
  </datafield>
  <datafield tag="250" ind1=" " ind2=" ">
    <subfield code="a">a&#xF1;o 3 : </subfield>
    <subfield code="b">N&#xB0; 17</subfield>
  </datafield>
  <datafield tag="260" ind1=" " ind2=" ">
    <subfield code="a">Ciudad Aut&#xF3;noma de Buenos Aires : </subfield>
    <subfield code="b">Biblioteca Nacional, </subfield>
    <subfield code="c">2019</subfield>
  </datafield>
  <datafield tag="500" ind1=" " ind2=" ">
    <subfield code="a">Nota sogbre Emancipadxs. El joven Brahms. Ls que cantan. Productoras, prtoagonistas y Lectoras. </subfield>
  </datafield>
  <datafield tag="942" ind1=" " ind2=" ">
    <subfield code="c">REV</subfield>
  </datafield>
  <datafield tag="999" ind1=" " ind2=" ">
    <subfield code="c">856</subfield>
    <subfield code="d">856</subfield>
  </datafield>
  <datafield tag="952" ind1=" " ind2=" ">
    <subfield code="0">0</subfield>
    <subfield code="1">0</subfield>
    <subfield code="7">0</subfield>
    <subfield code="a">BIBESET</subfield>
    <subfield code="b">BIBESET</subfield>
    <subfield code="c">sala</subfield>
    <subfield code="d">2023-08-10</subfield>
    <subfield code="h">A&#xD1;O 6 N&#xB0;17</subfield>
    <subfield code="o">0.343 CUA</subfield>
    <subfield code="p">61001</subfield>
    <subfield code="r">2023-08-10</subfield>
    <subfield code="y">FAS</subfield>
  </datafield>
  <datafield tag="952" ind1=" " ind2=" ">
    <subfield code="0">0</subfield>
    <subfield code="1">0</subfield>
    <subfield code="7">0</subfield>
    <subfield code="a">BIBESET</subfield>
    <subfield code="b">BIBESET</subfield>
    <subfield code="c">sala</subfield>
    <subfield code="d">2023-08-10</subfield>
    <subfield code="h">A&#xD1;O 6 N&#xB0; 17</subfield>
    <subfield code="o">0343 CUA</subfield>
    <subfield code="p">59766</subfield>
    <subfield code="r">2023-08-10</subfield>
    <subfield code="y">FAS</subfield>
  </datafield>
  <datafield tag="952" ind1=" " ind2=" ">
    <subfield code="0">0</subfield>
    <subfield code="1">0</subfield>
    <subfield code="7">0</subfield>
    <subfield code="a">BIBESET</subfield>
    <subfield code="b">BIBESET</subfield>
    <subfield code="c">sala</subfield>
    <subfield code="d">2023-08-10</subfield>
    <subfield code="h">a&#xD1;O 6 N&#xB0;29</subfield>
    <subfield code="o">0.343 CUA</subfield>
    <subfield code="p">60999</subfield>
    <subfield code="r">2023-08-10</subfield>
    <subfield code="y">FAS</subfield>
  </datafield>
  <datafield tag="952" ind1=" " ind2=" ">
    <subfield code="0">0</subfield>
    <subfield code="1">0</subfield>
    <subfield code="7">0</subfield>
    <subfield code="a">BIBESET</subfield>
    <subfield code="b">BIBESET</subfield>
    <subfield code="c">sala</subfield>
    <subfield code="d">2023-08-10</subfield>
    <subfield code="h">A&#xD1;O 4 N&#xB0;19</subfield>
    <subfield code="l">0</subfield>
    <subfield code="o">3.343 CUA</subfield>
    <subfield code="p">59767</subfield>
    <subfield code="r">2023-08-10</subfield>
    <subfield code="w">2023-08-10</subfield>
    <subfield code="y">FAS</subfield>
  </datafield>
  <datafield tag="952" ind1=" " ind2=" ">
    <subfield code="0">0</subfield>
    <subfield code="1">0</subfield>
    <subfield code="7">0</subfield>
    <subfield code="a">BIBESET</subfield>
    <subfield code="b">BIBESET</subfield>
    <subfield code="c">sala</subfield>
    <subfield code="d">2023-08-10</subfield>
    <subfield code="h">A&#xD1;O 3  N&#xB0; 16</subfield>
    <subfield code="l">0</subfield>
    <subfield code="o">0.343 CUA</subfield>
    <subfield code="p">61000</subfield>
    <subfield code="r">2023-08-10</subfield>
    <subfield code="w">2023-08-10</subfield>
    <subfield code="y">FAS</subfield>
  </datafield>
  <datafield tag="952" ind1=" " ind2=" ">
    <subfield code="0">0</subfield>
    <subfield code="1">0</subfield>
    <subfield code="7">0</subfield>
    <subfield code="a">BIBESET</subfield>
    <subfield code="b">BIBESET</subfield>
    <subfield code="c">sala</subfield>
    <subfield code="d">2023-08-10</subfield>
    <subfield code="h">AO 3 N&#xB0; 16</subfield>
    <subfield code="l">0</subfield>
    <subfield code="o">0.343   CUA</subfield>
    <subfield code="p">60997</subfield>
    <subfield code="r">2023-08-10</subfield>
    <subfield code="w">2023-08-10</subfield>
    <subfield code="y">FAS</subfield>
  </datafield>
  <datafield tag="952" ind1=" " ind2=" ">
    <subfield code="0">0</subfield>
    <subfield code="1">0</subfield>
    <subfield code="7">0</subfield>
    <subfield code="a">BIBESET</subfield>
    <subfield code="b">BIBESET</subfield>
    <subfield code="c">sala</subfield>
    <subfield code="d">2023-08-10</subfield>
    <subfield code="h">A&#xD1;O 6 N&#xB0;28</subfield>
    <subfield code="l">0</subfield>
    <subfield code="o">A&#xD1;O 6 N&#xB0;28</subfield>
    <subfield code="p">60996</subfield>
    <subfield code="r">2023-08-10</subfield>
    <subfield code="w">2023-08-10</subfield>
    <subfield code="y">FAS</subfield>
  </datafield>
</record>
